| 000 | 00867nam a22002297a 4500 | ||
|---|---|---|---|
| 999 |
_c3806 _d3806 |
||
| 003 | AR-CdUCM | ||
| 008 | 190307b ||||| |||| 00| 0 spa d | ||
| 040 |
_aMUNICIPALIDAD PROVINCIAL DEL CUSCO _cBIBLIOTECA MUNICIPAL DEL CUSCO |
||
| 082 |
_a869.51 / _bM42 |
||
| 100 |
_aMeneses, Teodoro L. _912271 |
||
| 245 |
_aTeatro quechua colonial : _bantología / |
||
| 260 |
_aLima : _bEdiciones EDUBANCO, _c1983. |
||
| 300 |
_a593 páginas ; _blustraciones, _c22 cm. |
||
| 440 |
_aFundación del Banco Continental para el fomento de la Educación y la Cultura _912272 |
||
| 505 | _aContenido: El hijo pródigo -- El rapto de Proserpina y sueño de Endimión -- Usca Paucar -- Apu Ollantay... | ||
| 650 |
_aTeatro peruano _92697 |
||
| 650 |
_aQuechua _92063 |
||
| 650 |
_aÉpoca Colonial _9645 |
||
| 650 |
_aHistoria y crítica _95993 |
||
| 942 |
_2ddc _cLIBROS |
||
| 945 | _adavv | ||